Silvester s Kimom

Kim Čong-un, momentálne najmladší z hláv štátov sveta, najvyšší vodca Kórejskej ľudovodemokratickej republiky. Nespokojnosť svetovej politickej scény s prípravami na vypustenie rakety dlhého doletu. Odpálenie trojstupňovej rakety 12. decembra. Napĺňanie vlastného vesmírneho programu. Stagnácia ekono...

Ausführliche Beschreibung

Gespeichert in:
Bibliographische Detailangaben
1. Verfasser: Pressburg, Adrian Peter
Format: Buchkapitel
Sprache:Slowakisch
Schlagworte:
Tags: Tag hinzufügen
Keine Tags, Fügen Sie das erste Tag hinzu!

MARC

LEADER 00000naa a2200000 4500
001 0163913
005 20231113080518.6
041 0 |a slo 
044 |a SK 
245 1 0 |a Silvester s Kimom  |c Adrian Peter Pressburg 
520 |a Kim Čong-un, momentálne najmladší z hláv štátov sveta, najvyšší vodca Kórejskej ľudovodemokratickej republiky. Nespokojnosť svetovej politickej scény s prípravami na vypustenie rakety dlhého doletu. Odpálenie trojstupňovej rakety 12. decembra. Napĺňanie vlastného vesmírneho programu. Stagnácia ekonomiky. Nie je jasné, ako vážne sú rokovania Kimových emisárov v zákulisí s USA o otvorení severokórejskej ekonomiky západným investorom. Oslavy prvého výročia nástupu k moci. 
610 2 0 |a politika 
610 2 0 |a strany politické 
610 2 0 |a vláda 
610 2 0 |a moc politická 
610 2 0 |a zbrojenie 
610 2 0 |a Kórea 
100 1 |a Pressburg, Adrian Peter